| 000 | 00789nam a2200241 a 4500 | ||
|---|---|---|---|
| 001 | 000019051 | ||
| 005 | 20200929165918.0 | ||
| 008 | 100524s1990 dr r 000 f spa d | ||
| 020 | _a8427014449 | ||
| 040 |
_aDO-SdBNP _bspa _cBNPHU |
||
| 082 |
_a813.54 _bP226p |
||
| 100 | 1 |
_aPardoe, Rosemary, _940993 |
|
| 245 | 1 | 3 |
_aEl papa mujer / _cRosemary y Darroll Pardoe ; traducción de Marisa Ferrandis. |
| 260 |
_aBarcelona : _bMartínez Roca, _c1990. |
||
| 300 |
_a137, [7] p. : _bil. ; _c22 cm. |
||
| 490 | 1 | _aEnigmas del cristianismo | |
| 504 | _aIncluye notas al pie de las páginas. | ||
| 650 | 4 |
_aNovela estadounidense _9262 |
|
| 650 | 4 |
_aLiteratura estadounidense _ySIGLO XX _96874 |
|
| 700 | 1 |
_aPardoe, Darroll, _940994 |
|
| 700 | 1 |
_aFerrandis, Marisa, _etr. _940995 |
|
| 049 | _aBNGR | ||
| 999 |
_c18569 _d18569 |
||